Estandartes blancos / (Record no. 57912)

MARC details
000 -LEADER
campo de control de longitud fija 00593nam a2200205 i 4500
001 - NÚMERO DE CONTROL
campo de control 57912
003 - IDENTIFICADOR DE NÚMERO DE CONTROL
campo de control ES-MaACL
007 - CAMPO FIJO DE DESCRIPCIÓN FÍSICA--INFORMACIÓN GENERAL
campo de control de longitud fija t|
008 - DATOS DE LONGITUD FIJA--INFORMACIÓN GENERAL
campo de control de longitud fija 031020s1945 sp ||||1| spa d
100 1# - ENTRADA PRINCIPAL--NOMBRE DE PERSONA
Nombre de persona Douglas, Lloyd C.
9 (RLIN) 45495
245 10 - MENCIÓN DEL TÍTULO
Título Estandartes blancos /
Mención de responsabilidad, etc. Lloyd C. Douglas ; [versión española de J.L.B.].
250 ## - MENCION DE EDICION
Mención de edición [1ª ed.].
260 ## - PUBLICACIÓN, DISTRIBUCIÓN, ETC.
Lugar de publicación, distribución, etc. Barcelona :
Nombre del editor, distribuidor, etc. Luis de Caralt,
Fecha de publicación, distribución, etc. [1945] (
Fabricante Clarasó)
300 ## - DESCRIPCIÓN FÍSICA
Extensión 322 p. ;
Dimensiones 20 cm.
490 1# - MENCIÓN DE SERIE
Mención de serie Anglo-sajona
700 1# - ENTRADA AGREGADA--NOMBRE PERSONAL
Nombre de persona J. L. B.
9 (RLIN) 65770
830 0# - PUNTO DE ACCESO ADICIONAL DE SERIE-TÍTULO UNIFORME
Título uniforme Anglo-sajona
9 (RLIN) 184192
852 ## - LOCALIZACIÓN
Ubicación ES-MaACL
Número de control de estantería B-8166
Sublocalización o colección R.28918
Holdings
Estatus retirado Estado de pérdida Estado de daño No para préstamo Biblioteca de origen Biblioteca actual Ubicación en estantería Fecha de adquisición Fuente de adquisición Total de préstamos Signatura topográfica completa Código de barras Visto por última vez Precio de reemplazo Tipo de ítem Koha
        Biblioteca del Ateneo de Madrid Biblioteca del Ateneo de Madrid Sala Pardo Bazán 17/01/2008     B-8166 1060782 23/02/2023 23/02/2023 Libro impreso